000 00643cab a2200205 4500
001 WB3239-03
008 090401t1996 xxu||||| |||| 00| 0 eng d
035 _a(Sirsi) u27256
041 _aeng
245 _aTube contractors face axe
260 _c1996
350 _a0
490 _aBuilding
_v261(7962) 18 October 1996, 7(1)
520 _aLondon Underground Ltd is to cut the number of firms it works with to under fifty, and `general building` contractors to under ten.
650 _aLONDON UNDERGROUND LTD
650 _aMAIN CONTRACTORS
690 _aBUILT ENVIRONMENT-BUILDING CONTRACT FORMS
942 _n0
948 _c04/03/1997
999 _c18346
_d18346